Textbook of Engineering Drawing with AutCAD (Record no. 5935)

MARC details
000 -LEADER
fixed length control field 00540nam a22002057a 4500
003 - CONTROL NUMBER IDENTIFIER
control field OSt
005 - DATE AND TIME OF LATEST TRANSACTION
control field 20180419183043.0
008 - FIXED-LENGTH DATA ELEMENTS--GENERAL INFORMATION
fixed length control field 171214b xxu||||| |||| 00| 0 eng d
020 ## - INTERNATIONAL STANDARD BOOK NUMBER
International Standard Book Number 978-8178002088
020 ## - INTERNATIONAL STANDARD BOOK NUMBER
International Standard Book Number 8178002086
040 ## - CATALOGING SOURCE
Transcribing agency DDC
082 ## - DEWEY DECIMAL CLASSIFICATION NUMBER
Classification number 604.2 VEN 2009
100 ## - MAIN ENTRY--PERSONAL NAME
Personal name Venkata, K. Reddy
9 (RLIN) 12320
245 ## - TITLE STATEMENT
Title Textbook of Engineering Drawing with AutCAD
250 ## - EDITION STATEMENT
Edition statement 4th ed.
260 ## - PUBLICATION, DISTRIBUTION, ETC. (IMPRINT)
Place of publication, distribution, etc. Sultan Bazar; BS Publications
300 ## - PHYSICAL DESCRIPTION
Extent xviii,452p; ill: 24cm
650 ## - SUBJECT ADDED ENTRY--TOPICAL TERM
Topical term or geographic name as entry element Engineering drawings
9 (RLIN) 12321
942 ## - ADDED ENTRY ELEMENTS (KOHA)
Source of classification or shelving scheme Other/Generic Classification Scheme
Koha item type Book Bank
Holdings
Withdrawn status Lost status Source of classification or shelving scheme Damaged status Not for loan Home library Current library Date acquired Source of acquisition Inventory number Total Checkouts Full call number Barcode Date last seen Koha item type
    Dewey Decimal Classification     MUST Main Library MUST Main Library 14/12/2017   17/40396   604.2 VEN 2009 2017-1008 14/12/2017 Open Shelf
    Dewey Decimal Classification     MUST Main Library MUST Main Library 14/12/2017   17/40397   604.2 VEN 2009 2017-1009 14/12/2017 Open Shelf